| 000 | 01056cab a2200193 4500 | ||
|---|---|---|---|
| 001 | ##L131362 | ||
| 008 | 051026n2005 000 0 eng u | ||
| 035 | _a(Sirsi) u131362 | ||
| 041 | 0 | _aeng | |
| 110 | 2 |
_aRoyal Institution of Chartered Surveyors _94900 |
|
| 245 | 0 | 0 | _aUK property industry unites for consumers |
| 260 | _c2005 | ||
| 490 | 0 | 0 |
_aRICS Press Release _v24 October 2005 |
| 520 | _aRICS and interested groups in the UK are investigating the establishment of a single, national property ombudsman for consumer complaints. The new service would act as a one stop shop for any consumer requiring access to redress in the property sector allowing the existing schemes to continue but providing consumers with an easy route to the right ombudsman for their problem. | ||
| 590 | _aIKA251005 | ||
| 690 | _aMANAGEMENT-BUSINESS MANAGEMENT-CUSTOMER RELATIONSHIP MANAGEMENT-COMPLAINTS HANDLING | ||
| 856 | 4 | 8 |
_uhttps://www.rics.org/RICSWEB/getpage.aspx?p=d0Lh-WjL9kWns9dfjO8PVA _zView the press release free of charge at www.rics.org... |
| 942 | _n0 | ||
| 999 |
_c76060 _d76060 |
||